00921ncm a22002295a 4500001001100000005001700011008004100028080001600069100004700085245005200132254002300184260004500207300003400252490006900286500002300355500011600378500002600494650002400520852001100544952011900555999001700674C00057331c20241029150429.0071016s1891 ddrsyb n 1 ger d a785.1.082.11 aBruckner, Joseph Anton (d1824-1896)9832210aSymphonie nº 3, D moll / cvon Anton Bruckner. a[Kleine Partitur]. aLeipzig : bErnst Eulenburg, c[d. 1891] aPartitura (204 p.) ; c19 cm.0 aEulenburg's kleine Orchester Partitur Ausgabe. Symphonien ; v61 aN. pl.: S. 9601 C. aFecha de publicación tomada de "The new Grove dictionary of music and musicians", vol. 6, Stanley Sadie 1980. aLegado Pérez Casas. aSinfonías.9144054 jM-2283 001040708MUSICAaRABASFbRABASFcDP1d2007-10-16eDl0oM-2283p1060562r2024-10-15 09:45:11w2024-10-15yPARTA c54214d54214